Elektronické formy publikovania a činnosť knižnice
Vysvetlenie pojmov publikovanie, publikovať. Elektronické publikovanie. Rozdiely v tradičnom a elektronickom publikovaní. Elektronická publikácia. Inštitucionálny model publikovania. Úloha vydavateľov. Úloha knižníc. Alternatívne formy elektronického publikovania. Otvorený prístup. Iniciatívy otvore...
Gespeichert in:
| 1. Verfasser: | |
|---|---|
| Format: | Buchkapitel |
| Sprache: | Slowakisch |
| Schlagworte: | |
| Tags: |
Keine Tags, Fügen Sie das erste Tag hinzu!
|
MARC
| LEADER | 00000naa$a2200000$$$4500 | ||
|---|---|---|---|
| 001 | 0051899 | ||
| 005 | 20230628110737.9 | ||
| 041 | 0 | |a slo | |
| 044 | |a SK | ||
| 245 | 1 | 0 | |a Elektronické formy publikovania a činnosť knižnice |c Jaroslav Šušol |
| 520 | |a Vysvetlenie pojmov publikovanie, publikovať. Elektronické publikovanie. Rozdiely v tradičnom a elektronickom publikovaní. Elektronická publikácia. Inštitucionálny model publikovania. Úloha vydavateľov. Úloha knižníc. Alternatívne formy elektronického publikovania. Otvorený prístup. Iniciatívy otvoreného prístupu. E-printy. Voľný prístup k elektronickým časopisom. Inštitucionálne samoarchivovanie. | ||
| 610 | 2 | 0 | |a knižnice |
| 610 | 2 | 0 | |a komunikácia |
| 610 | 2 | 0 | |a komunikácia elektronická |
| 610 | 2 | 0 | |a dokumenty elektronické |
| 610 | 2 | 0 | |a vydavateľstvá |
| 610 | 2 | 0 | |a archívy |
| 100 | 1 | |a Šušol, Jaroslav | |